[Event "4NCL Online Division 3"]
[Site "online"]
[Date "2020.09.08"]
[Round "2.63"]
[White "Bevan, Peter M"]
[Black "Walker, Adrian"]
[Result "0-1"]
[WhiteElo "1855"]
[BlackElo "1671"]
[PlyCount "58"]
[EventDate "2020.09.08"]
[WhiteTeam "Morriston Alekhine"]
[BlackTeam "Stroud Oldies"]

1. d4 d5 2. c4 e5 3. dxe5 d4 4. Nf3 Nc6 5. a3 Nge7 6. e3 Bg4 7. Qa4 Bd7 8. Qb3
dxe3 9. Qxe3 Nf5 10. Qe4 g6 11. Nc3 Bg7 12. Bg5 Qc8 13. Nd5 O-O 14. O-O-O h6
15. Nf6+ Kh8 16. Nxd7 hxg5 17. Nxf8 Qxf8 18. g4 Nh4 19. Nxh4 gxh4 20. f4 Re8
21. Qe1 Qc5 22. Rd5 Qb6 23. Qxh4+ Kg8 24. c5 Qb3 25. Rd3 Qc4+ 26. Rc3 Qxf4+ 27.
Kb1 Nxe5 28. Rg1 Nf3 29. Qf2 Nd2+ 0-1

[Event "4NCL Online Division 3"]
[Site "online"]
[Date "2020.09.08"]
[Round "2.64"]
[White "Reekie-Black, Matthew"]
[Black "Howells, Chris"]
[Result "0-1"]
[WhiteElo "1600"]
[BlackElo "1767"]
[PlyCount "62"]
[EventDate "2020.09.08"]
[WhiteTeam "Stroud Oldies"]
[BlackTeam "Morriston Alekhine"]

1. e4 d6 2. d4 Nf6 3. Nc3 c6 4. a4 Qa5 5. Bd2 e5 6. b4 Qc7 7. d5 cxd5 8. exd5
a6 9. b5 g6 10. a5 Bg7 11. b6 Qe7 12. Bg5 h6 13. Bh4 O-O 14. Nge2 g5 15. Bg3
Bf5 16. h4 Nbd7 17. hxg5 hxg5 18. Bh2 Rac8 19. Qd2 Ne4 20. Nxe4 Bxe4 21. Nc3
Bg6 22. f3 e4 23. Nxe4 Bxe4 24. fxe4 Qxe4+ 25. Kd1 Bxa1 26. Bd3 Qg4+ 27. Kc1
Ne5 28. Bxe5 Bxe5 29. Bh7+ Kg7 30. Bd3 Bf4 31. Rh7+ Kg8 0-1

[Event "4NCL Online Division 3"]
[Site "online"]
[Date "2020.09.08"]
[Round "2.71"]
[White "Stotz, Martin"]
[Black "Pye, David E"]
[Result "0-1"]
[WhiteElo "1720"]
[BlackElo "2117"]
[PlyCount "100"]
[EventDate "2020.09.08"]
[WhiteTeam "Harrow 3"]
[BlackTeam "Wessex Some Stars B"]

1. d4 Nf6 2. Bf4 c5 3. d5 d6 4. Nc3 g6 5. e4 Bg7 6. Nf3 a6 7. a4 Bg4 8. Be2
Bxf3 9. Bxf3 Nbd7 10. O-O O-O 11. Re1 Ne8 12. Qd2 Nc7 13. Be2 b6 14. Bh6 Bxh6
15. Qxh6 e5 16. dxe6 fxe6 17. Rad1 Qe7 18. f4 Rad8 19. Bc4 Kh8 20. Rf1 Nf6 21.
Qh4 Nfd5 22. Qg3 Nb4 23. Rd2 d5 24. exd5 exd5 25. Re1 Qf7 26. Red1 Qxf4 27.
Qxf4 Rxf4 28. Nxd5 Nbxd5 29. Bxd5 Rxa4 30. c4 Rf8 31. Bc6 Rxc4 32. Rd7 Nb5 33.
Bf3 Nd4 34. Be4 Ne2+ 35. Kh1 Rxe4 36. Rb7 Ref4 37. g3 Rf1+ 38. Rxf1 Rxf1+ 39.
Kg2 Rf6 40. Rb8+ Kg7 41. Ra8 b5 42. Re8 Nd4 43. Rd8 Re6 44. b4 Nb3 45. bxc5
Nxc5 46. Rd5 Ne4 47. h4 h5 48. Kf3 b4 49. Rd4 b3 50. Rb4 a5 0-1

[Event "4NCL Online Division 3"]
[Site "online"]
[Date "2020.09.08"]
[Round "2.72"]
[White "Pleasants, Allan J"]
[Black "Shah, Kian"]
[Result "1/2-1/2"]
[WhiteElo "2110"]
[BlackElo "1492"]
[PlyCount "58"]
[EventDate "2020.09.08"]
[WhiteTeam "Wessex Some Stars B"]
[BlackTeam "Harrow 3"]

1. c4 e5 2. Nc3 Nf6 3. g3 d5 4. cxd5 Nxd5 5. Bg2 Be6 6. Nf3 Bd6 7. O-O O-O 8.
d4 Nxc3 9. bxc3 exd4 10. Nxd4 Nc6 11. Nxe6 fxe6 12. Rb1 Rb8 13. Qa4 Qe8 14.
Rxb7 Rxb7 15. Bxc6 Qb8 16. Bxb7 Qxb7 17. Be3 a6 18. Rd1 Qb5 19. Qg4 Qf5 20.
Qxf5 Rxf5 21. c4 Ra5 22. Rd2 Kf8 23. Rc2 Ke7 24. Kg2 Kf6 25. Kf3 e5 26. Ke4 Ke6
27. f4 exf4 28. Bxf4 Bxf4 29. gxf4 g6 1/2-1/2

[Event "4NCL Online Division 3"]
[Site "online"]
[Date "2020.09.08"]
[Round "2.73"]
[White "Gurjar, Roshan"]
[Black "Pentakota, Rajasekhar"]
[Result "1-0"]
[WhiteElo "1326"]
[BlackElo "1997"]
[PlyCount "157"]
[EventDate "2020.09.08"]
[WhiteTeam "Harrow 3"]
[BlackTeam "Wessex Some Stars B"]

1. e4 c5 2. Nf3 e6 3. d4 cxd4 4. Nxd4 a6 5. Nc3 Qc7 6. Be3 Bb4 7. Bd2 Nf6 8.
Bd3 Nc6 9. Nxc6 bxc6 10. O-O d5 11. Re1 d4 12. Ne2 Bxd2 13. Qxd2 c5 14. Rac1 c4
15. Qg5 cxd3 16. cxd3 Qd8 17. e5 Nd5 18. Qxg7 Ke7 19. Qg5+ Kd7 20. Qd2 Qb6 21.
a3 Ne7 22. b4 Bb7 23. Ng3 Rac8 24. Rxc8 Rxc8 25. Qf4 Ke8 26. Qf6 Qb5 27. Qh8+
Kd7 28. Qxh7 Rc3 29. Qxf7 Qxd3 30. Qf4 Rxa3 31. Ne2 Nf5 32. Qc1 Rb3 33. Nf4 Qb5
34. Rd1 Rxb4 35. h3 Rc4 36. Qd2 Qxe5 37. Re1 Qg7 38. Qe2 Rc6 39. Nxe6 Qf6 40.
Nf4 Rd6 41. Qe8+ Kc7 42. Rc1+ Kb6 43. Nd3 Qg5 44. Rb1+ Ka7 45. Ne1 d3 46. Qf7
Ne7 47. Nf3 Bxf3 48. Qxf3 Qd5 49. Qe3+ Ka8 50. Qxe7 d2 51. Rd1 Rc6 52. Qe8+ Ka7
53. Qe3+ Ka8 54. Qxd2 Qb3 55. Qd8+ Qb8 56. Qd5 Qc7 57. h4 Ka7 58. h5 Rc1 59.
Rxc1 Qxc1+ 60. Kh2 Qf4+ 61. Kh3 Qxf2 62. Qd7+ Kb6 63. Qd6+ Kb5 64. Qd5+ Kb6 65.
Qd6+ Kb5 66. Qd5+ Kb6 67. Qe6+ Kb5 68. Qe5+ Kb6 69. Qd6+ Kb5 70. Qb8+ Ka4 71.
Qe8+ Kb4 72. Qe7+ Ka4 73. Qh4+ Qxh4+ 74. Kxh4 Kb3 75. h6 a5 76. h7 a4 77. h8=Q
a3 78. Qb8+ Ka2 79. Qb4 1-0

[Event "4NCL Online Division 3"]
[Site "online"]
[Date "2020.09.08"]
[Round "2.74"]
[White "Weatherlake, John P"]
[Black "Gurjar, Siena"]
[Result "1-0"]
[WhiteElo "1975"]
[BlackElo "1106"]
[PlyCount "66"]
[EventDate "2020.09.08"]
[WhiteTeam "Wessex Some Stars B"]
[BlackTeam "Harrow 3"]

1. Nc3 e5 2. e4 Nf6 3. g3 Bc5 4. Bg2 Nc6 5. Nge2 d6 6. O-O Bg4 7. h3 Bd7 8. Kh2
O-O 9. d3 a5 10. f4 h6 11. f5 Nd4 12. g4 Nxe2 13. Nxe2 a4 14. a3 g5 15. Ng3 Bc6
16. h4 gxh4 17. Bxh6 hxg3+ 18. Kxg3 d5 19. g5 Be3 20. Rh1 Bf4+ 21. Kf2 Nxe4+
22. dxe4 dxe4 23. f6 e3+ 24. Kg1 Qxd1+ 25. Rxd1 Rfd8 26. Re1 Bxg2 27. Kxg2 Kh7
28. Kf3 Kg6 29. Kg4 Rd2 30. Reg1 Rxc2 31. Bg7 Bxg5 32. Rg3 Rd8 33. Rhg1 Rd4+
1-0

[Event "4NCL Online Division 3"]
[Site "online"]
[Date "2020.09.08"]
[Round "2.81"]
[White "Sandhu, Manvith"]
[Black "Lockett, Karl"]
[Result "1-0"]
[WhiteElo "1907"]
[BlackElo "1892"]
[PlyCount "37"]
[EventDate "2020.09.08"]
[WhiteTeam "Warwickshire Bears A"]
[BlackTeam "Crewe AOL"]

1. e4 b6 2. d4 Bb7 3. Nc3 e6 4. Bd3 Bb4 5. Bd2 Nf6 6. f3 O-O 7. Nge2 h6 8. a3
Be7 9. O-O c5 10. dxc5 Bxc5+ 11. Kh1 Nc6 12. Qe1 Ne5 13. Qg3 Nxd3 14. Bxh6 Nf2+
15. Rxf2 Ne8 16. Rff1 Kh7 17. Bg5 Be7 18. Qh4+ Kg8 19. Bxe7 1-0

[Event "4NCL Online Division 3"]
[Site "online"]
[Date "2020.09.08"]
[Round "2.82"]
[White "Gardiner, Harry"]
[Black "Dicen, Imogen"]
[Result "0-1"]
[WhiteElo "1847"]
[BlackElo "1892"]
[PlyCount "94"]
[EventDate "2020.09.08"]
[WhiteTeam "Crewe AOL"]
[BlackTeam "Warwickshire Bears A"]

1. d4 f5 2. g3 Nf6 3. Bg2 e6 4. Nf3 Be7 5. c4 O-O 6. O-O d6 7. Nc3 Na6 8. Bg5
c5 9. a3 Kh8 10. dxc5 Nxc5 11. b4 Nce4 12. Nxe4 Nxe4 13. Bxe7 Qxe7 14. Nd4 Nf6
15. Nb5 Rd8 16. Qd2 a6 17. Nc3 Rb8 18. e4 e5 19. Rfe1 Be6 20. Nd5 Qf7 21. Rad1
Nxd5 22. exf5 Bxf5 23. Bxd5 Qg6 24. Bg2 h6 25. c5 d5 26. Rxe5 d4 27. Qf4 Bc2
28. Rxd4 Rf8 29. Qe3 Ba4 30. Be4 Qf7 31. Rf5 Qa2 32. Rxf8+ Rxf8 33. Bxb7 Qb1+
34. Kg2 Bb5 35. Rf4 Bf1+ 36. Kf3 Qd1+ 37. Ke4 Re8+ 38. Kf5 Qd7+ 39. Kg6 Re6+
40. Kh5 Qe8+ 41. Kg4 Rxe3 42. fxe3 Be2+ 43. Bf3 Qe6+ 44. Kh5 Bxf3+ 45. Rxf3
Qd5+ 46. Kg4 h5+ 47. Kf4 g5# 0-1

[Event "4NCL Online Division 3"]
[Site "online"]
[Date "2020.09.08"]
[Round "2.83"]
[White "Chen, Daniel Xingyu"]
[Black "Hulme, David I"]
[Result "0-1"]
[WhiteElo "1825"]
[BlackElo "1866"]
[PlyCount "70"]
[EventDate "2020.09.08"]
[WhiteTeam "Warwickshire Bears A"]
[BlackTeam "Crewe AOL"]

1. e4 e5 2. Nf3 d6 3. d4 Bg4 4. dxe5 Bxf3 5. Qxf3 dxe5 6. Nc3 Bb4 7. Bc4 Qf6 8.
Bd2 Nc6 9. O-O-O Qxf3 10. gxf3 Nge7 11. Nd5 Bd6 12. Rhg1 Ng6 13. h4 Nxh4 14.
Rxg7 Ng6 15. Nf6+ Kd8 16. Bxf7 Nd4 17. Nxh7 Nf4 18. Kb1 Nde6 19. Rg8+ Ke7 20.
Rxa8 Rxa8 21. Bxe6 Kxe6 22. Bxf4 exf4 23. Rg1 Rh8 24. Ng5+ Kf6 25. a3 Be5 26.
b4 Rh5 27. Rd1 Rxg5 28. Rd8 Rg1+ 29. Ka2 Ra1+ 30. Kb3 Rb1+ 31. Ka4 c6 32. Rd7
b5+ 33. Ka5 Ra1 34. Rxa7 Rxa3+ 35. Kb6 Bd4+ 0-1

[Event "4NCL Online Division 3"]
[Site "online"]
[Date "2020.09.08"]
[Round "2.84"]
[White "Renegade, Richard"]
[Black "Dicen, Elis Denele"]
[Result "1-0"]
[WhiteElo "1795"]
[BlackElo "1810"]
[PlyCount "67"]
[EventDate "2020.09.08"]
[WhiteTeam "Crewe AOL"]
[BlackTeam "Warwickshire Bears A"]

1. e4 e6 2. d4 d5 3. exd5 exd5 4. Nf3 Bd6 5. c4 c6 6. Nc3 Nf6 7. Bd3 O-O 8. O-O
Bg4 9. Bg5 dxc4 10. Bxc4 Nbd7 11. Ne4 Be7 12. Nxf6+ Nxf6 13. Qd3 Bxf3 14. gxf3
h6 15. Bh4 Qd6 16. Bg3 Qd7 17. Kh1 Rad8 18. Rad1 Nd5 19. Rg1 Rfe8 20. Be5 f6
21. Rxg7+ Kxg7 22. Rg1+ Kf7 23. Qg6+ Ke6 24. Bd3 Ne3 25. fxe3 Kd5 26. e4+ Ke6
27. Bc4+ Qd5 28. Bxd5+ cxd5 29. exd5+ Kxd5 30. Qf7+ Kc6 31. Rc1+ Kb6 32. Bc7+
Ka6 33. Qc4+ b5 34. Qc6# 1-0

[Event "4NCL Online Division 3"]
[Site "online"]
[Date "2020.09.08"]
[Round "2.91"]
[White "Davies, Neil"]
[Black "Koroglou, Viktor"]
[Result "1-0"]
[WhiteElo "1930"]
[BlackElo "2028"]
[PlyCount "89"]
[EventDate "2020.09.08"]
[WhiteTeam "Mushrooms 2"]
[BlackTeam "Alba Bon Accord 2"]

1. d4 Nf6 2. g3 g6 3. Bg2 Bg7 4. Nf3 O-O 5. O-O d6 6. c4 Nc6 7. Nc3 a6 8. e4
Bg4 9. Be3 Nd7 10. h3 Bxf3 11. Bxf3 e5 12. d5 Nd4 13. Bg2 c5 14. dxc6 bxc6 15.
Qd2 Rb8 16. f4 Qb6 17. b3 Qb4 18. Rac1 Nc5 19. f5 Ncxb3 20. axb3 Nxb3 21. Qb2
Nxc1 22. Qxb4 Rxb4 23. Rxc1 Rxc4 24. Bf1 Rb4 25. Nd1 Rxe4 26. fxg6 hxg6 27.
Rxc6 d5 28. Rd6 d4 29. Bf2 Rc8 30. Bd3 f5 31. Kg2 Rc1 32. Nb2 Ree1 33. Rxg6 Kf7
34. Rxa6 e4 35. Bc4+ Rxc4 36. Nxc4 Rc1 37. Nd6+ Kg8 38. Ra8+ Kh7 39. Ra7 Kg6
40. Nxf5 Kxf5 41. Rxg7 e3 42. Bxe3 dxe3 43. Re7 Rc3 44. Kf3 e2+ 45. Kf2 1-0

[Event "4NCL Online Division 3"]
[Site "online"]
[Date "2020.09.08"]
[Round "2.92"]
[White "Roy, Ali"]
[Black "Rydahl, Johan"]
[Result "0-1"]
[WhiteElo "1878"]
[BlackElo "1922"]
[PlyCount "138"]
[EventDate "2020.09.08"]
[WhiteTeam "Alba Bon Accord 2"]
[BlackTeam "Mushrooms 2"]

1. Nf3 Nf6 2. g3 d5 3. Bg2 c6 4. O-O Bf5 5. d3 h6 6. Nbd2 e6 7. Qe1 Be7 8. e4
Bg6 9. Ne5 Bh7 10. f4 Nbd7 11. exd5 cxd5 12. Ndf3 O-O 13. b3 Nxe5 14. Nxe5 Qc7
15. c4 Nd7 16. Bb2 Nxe5 17. Bxe5 Qb6+ 18. Qf2 Qxf2+ 19. Rxf2 Bxd3 20. Rd2 Bc5+
21. Kh1 Be4 22. Rad1 Bb4 23. Re2 Bxg2+ 24. Kxg2 Rad8 25. cxd5 Rxd5 26. Rc1 Rfd8
27. Rc7 R5d7 28. Rec2 Ba5 29. R7c4 Rd2+ 30. Kh3 Rxc2 31. Rxc2 Kh7 32. Rc4 Bb6
33. Bc3 Rd1 34. a4 Rd7 35. b4 Rc7 36. Rxc7 Bxc7 37. Bd4 a6 38. b5 f5 39. Kg2 g5
40. Kf3 Kg6 41. h3 gxf4 42. gxf4 Kf7 43. Bc5 e5 44. fxe5 Bxe5 45. Ke3 Ke6 46.
Kd3 Kd5 47. Bf2 axb5 48. axb5 h5 49. Bb6 Bg3 50. Ke3 f4+ 51. Kf3 Kc4 52. Bc7
Kxb5 53. h4 Kc5 54. Bxf4 Bxf4 55. Kxf4 b5 56. Kg5 b4 57. Kxh5 b3 58. Kh6 b2 59.
h5 b1=Q 60. Kg7 Qg1+ 61. Kh7 Qb1+ 62. Kg7 Qb2+ 63. Kh7 Qc2+ 64. Kg7 Qc3+ 65.
Kh7 Qd3+ 66. Kg7 Qd7+ 67. Kg6 Qe6+ 68. Kg7 Qg4+ 69. Kh6 Kd6 0-1

[Event "4NCL Online Division 3"]
[Site "online"]
[Date "2020.09.08"]
[Round "2.93"]
[White "Nash, Richard J"]
[Black "Jennings, Richard"]
[Result "1/2-1/2"]
[WhiteElo "1915"]
[BlackElo "1872"]
[PlyCount "138"]
[EventDate "2020.09.08"]
[WhiteTeam "Mushrooms 2"]
[BlackTeam "Alba Bon Accord 2"]

1. d4 d5 2. c4 e6 3. Nc3 Nf6 4. cxd5 exd5 5. Bg5 Be7 6. e3 O-O 7. Bd3 Be6 8.
Nge2 Nbd7 9. O-O Re8 10. Rc1 c6 11. Ng3 Nf8 12. Na4 N6d7 13. Bxe7 Qxe7 14. Nc5
Nxc5 15. Rxc5 g6 16. Qd2 Nd7 17. Rc2 Nf6 18. b4 Rac8 19. a4 h5 20. Rfc1 h4 21.
Ne2 Bd7 22. b5 Kg7 23. Nc3 Qd6 24. f3 c5 25. dxc5 Rxc5 26. Nd1 Rec8 27. Rxc5
Rxc5 28. Rxc5 Qxc5 29. Qc3 Qxc3 30. Nxc3 Be6 31. Ne2 Nd7 32. Nd4 Nc5 33. Bc2
Bd7 34. Kf2 a6 35. Ke2 axb5 36. Nxb5 Kf6 37. Kd2 Bf5 38. Bxf5 Kxf5 39. Nc3 Ke5
40. f4+ Kd6 41. g4 hxg3 42. hxg3 Ne4+ 43. Nxe4+ dxe4 44. Kc3 Kc5 45. g4 f5 46.
g5 Kb6 47. Kd4 Ka5 48. Ke5 Kxa4 49. Kf6 b5 50. Kxg6 b4 51. Kxf5 b3 52. g6 b2
53. g7 b1=Q 54. g8=Q Qb5+ 55. Kxe4 Qb1+ 56. Ke5 Qb2+ 57. Kf5 Qb5+ 58. Kg6 Qb6+
59. Kg7 Qb2+ 60. Kf7 Qb3+ 61. Kg7 Qb2+ 62. Kh7 Qh2+ 63. Kg6 Qg2+ 64. Kf7 Qd5+
65. Kf8 Qc5+ 66. Kg7 Qc3+ 67. Kf7 Qb3+ 68. Kf8 Qb4+ 69. Kf7 Qb3+ 1/2-1/2

[Event "4NCL Online Division 3"]
[Site "online"]
[Date "2020.09.08"]
[Round "2.94"]
[White "Deary, Daniel"]
[Black "Joslin, Tim"]
[Result "1-0"]
[WhiteElo "1833"]
[BlackElo "1810"]
[PlyCount "95"]
[EventDate "2020.09.08"]
[WhiteTeam "Alba Bon Accord 2"]
[BlackTeam "Mushrooms 2"]

1. d4 Nf6 2. c4 e5 3. dxe5 Ng4 4. Bf4 Nc6 5. Nf3 Bb4+ 6. Nc3 Bxc3+ 7. bxc3 Qe7
8. Qd5 f6 9. exf6 Nxf6 10. Qd3 d6 11. g3 O-O 12. Bg2 Bg4 13. O-O Rae8 14. Be3
Kh8 15. Rfd1 Bxf3 16. exf3 Ne5 17. Qd4 b6 18. f4 Ned7 19. Bc6 Qe6 20. Kg2 Re7
21. h3 Nc5 22. Re1 Qf5 23. Rad1 Ne6 24. Qd2 Ne4 25. Qd3 Nd8 26. g4 Qe6 27. f5
Qe5 28. f4 Nc5 29. Bxc5 Qxc5 30. Rxe7 Qxc6+ 31. Qe4 Qxe4+ 32. Rxe4 Nc6 33. Rde1
Kg8 34. Re8 Kf7 35. Rxf8+ Kxf8 36. Kf3 Kf7 37. Ke4 Ne7 38. Kd4 h5 39. Ke4 h4
40. Kf3 Nc6 41. g5 Ne7 42. Kg4 d5 43. Rxe7+ Kxe7 44. cxd5 Kd6 45. f6 gxf6 46.
gxf6 Kd7 47. Kxh4 Ke8 48. Kg5 1-0

[Event "4NCL Online Division 3"]
[Site "online"]
[Date "2020.09.08"]
[Round "2.101"]
[White "Dinter, Brian"]
[Black "Vidruska, Renate"]
[Result "1-0"]
[WhiteElo "2074"]
[BlackElo "1998"]
[PlyCount "109"]
[EventDate "2020.09.08"]
[WhiteTeam "Stroud Youngies"]
[BlackTeam "Catford Cosmonauts 2"]

1. d4 Nf6 2. Bf4 d5 3. e3 e6 4. Nf3 c5 5. Nbd2 Qb6 6. Rb1 Nc6 7. c3 Nh5 8. Bg5
h6 9. Bh4 g5 10. Ne5 Nxe5 11. Qxh5 Ng6 12. dxc5 Qxc5 13. Bg3 Bg7 14. Bd3 Ne5
15. Bc2 Bd7 16. O-O O-O-O 17. Rfc1 Qe7 18. c4 dxc4 19. Bb3 Bc6 20. Nxc4 Nxc4
21. Rxc4 e5 22. Ba4 Rd6 23. Rbc1 Qd7 24. Bxc6 Rxc6 25. Rxc6+ bxc6 26. Qf3 Kb7
27. e4 h5 28. h4 g4 29. Qc3 f6 30. Qb4+ Ka8 31. Qa4 Rc8 32. Rd1 Qb7 33. Rd6 Qc7
34. Qd1 Qb7 35. Rd7 Rc7 36. Rd8+ Rc8 37. Qd6 Qb8 38. Rxc8 Qxc8 39. Qe7 Qf8 40.
Qc7 Bh6 41. Qxc6+ Kb8 42. Qd5 Kc7 43. a4 Bf4 44. Bxf4 exf4 45. Qxh5 g3 46. Qa5+
Kb7 47. fxg3 fxg3 48. Qb5+ Ka8 49. Qd5+ Kb8 50. Qb3+ Kc8 51. Qxg3 Qc5+ 52. Kh2
a5 53. h5 Kd8 54. Qd3+ Kc7 55. Qc3 1-0

[Event "4NCL Online Division 3"]
[Site "online"]
[Date "2020.09.08"]
[Round "2.102"]
[White "Wood, Peter R"]
[Black "Southcott-Moyers, Indy"]
[Result "1-0"]
[WhiteElo "1990"]
[BlackElo "1667"]
[PlyCount "105"]
[EventDate "2020.09.08"]
[WhiteTeam "Catford Cosmonauts 2"]
[BlackTeam "Stroud Youngies"]

1. e4 c6 2. c4 d5 3. cxd5 cxd5 4. exd5 Qxd5 5. Nc3 Qd8 6. Bb5+ Bd7 7. Qb3 Bxb5
8. Qxb5+ Qd7 9. Nf3 a6 10. Qxd7+ Nxd7 11. d4 Ngf6 12. O-O e6 13. Bf4 Bb4 14. a3
Bxc3 15. bxc3 O-O 16. c4 Rac8 17. Rfc1 Rc6 18. Rab1 b6 19. Nd2 Rfc8 20. a4 h6
21. h4 Kh7 22. Re1 Kg8 23. f3 h5 24. Kh2 Ne8 25. d5 exd5 26. cxd5 Rc5 27. d6
Rd5 28. Re7 Nc5 29. Ne4 Rd8 30. Rxb6 Ne6 31. Rbb7 Nxf4 32. Rxf7 Ne6 33. Rfe7
Nc5 34. Nxc5 Rxc5 35. Rb6 a5 36. d7 Nc7 37. Rg6 Rf5 38. Rgxg7+ Kh8 39. Rh7+ Kg8
40. Reg7+ Kf8 41. Rh8+ Kxg7 42. Rxd8 Rd5 43. g4 hxg4 44. fxg4 Kh7 45. Kg3 Rd1
46. h5 Kg7 47. h6+ Kh7 48. g5 Ne6 49. Re8 Rxd7 50. Rxe6 Rd4 51. Re7+ Kg8 52. g6
Rd6 53. Re8# 1-0

[Event "4NCL Online Division 3"]
[Site "online"]
[Date "2020.09.08"]
[Round "2.103"]
[White "Carey, Alex"]
[Black "Sedykh, Stakhey"]
[Result "1-0"]
[WhiteElo "1630"]
[BlackElo "1780"]
[PlyCount "37"]
[EventDate "2020.09.08"]
[WhiteTeam "Stroud Youngies"]
[BlackTeam "Catford Cosmonauts 2"]

1. e4 e5 2. Nf3 Nc6 3. Bc4 Bc5 4. c3 Nf6 5. d3 d6 6. O-O Bg4 7. Nbd2 O-O 8. Re1
Qd7 9. a4 a5 10. Nf1 h6 11. Be3 Bxe3 12. Nxe3 Bxf3 13. Qxf3 Ne7 14. Bb3 Ng6 15.
Nf5 Nh7 16. Qg4 Qd8 17. Qxg6 Qf6 18. Nxh6+ Kh8 19. Nxf7+ 1-0

[Event "4NCL Online Division 3"]
[Site "online"]
[Date "2020.09.08"]
[Round "2.104"]
[White "Stewart, Martin"]
[Black "Edwards, Jacob"]
[Result "1-0"]
[WhiteElo "1840"]
[BlackElo "1397"]
[PlyCount "51"]
[EventDate "2020.09.08"]
[WhiteTeam "Catford Cosmonauts 2"]
[BlackTeam "Stroud Youngies"]

1. e4 d5 2. exd5 Nf6 3. d4 Nxd5 4. Nf3 Bf5 5. Bd3 Qd7 6. O-O Nc6 7. a3 Bg4 8.
Be2 e6 9. Re1 Bd6 10. c4 Nf4 11. Bxf4 Bxf4 12. d5 Ne7 13. g3 Bd6 14. Nc3 O-O
15. Ne5 Bxe5 16. Bxg4 Bd6 17. dxe6 Qd8 18. exf7+ Kh8 19. Bh5 Nc6 20. Re8 Qg5
21. Ne4 Qh6 22. Nxd6 cxd6 23. Qd5 Qf6 24. Rae1 Rd8 25. Rxf8+ Rxf8 26. Re8 1-0

[Event "4NCL Online Division 3"]
[Site "online"]
[Date "2020.09.08"]
[Round "2.111"]
[White "Williams, David"]
[Black "Murphy, Sean J."]
[Result "0-1"]
[WhiteElo "1900"]
[BlackElo "1990"]
[PlyCount "42"]
[EventDate "2020.09.08"]
[WhiteTeam "Ashfield Anonymous B"]
[BlackTeam "Cork"]

1. d4 d5 2. Bf4 c5 3. c3 Nc6 4. e3 cxd4 5. exd4 Bf5 6. Qb3 Qd7 7. Nf3 e6 8. Bb5
f6 9. Nbd2 g5 10. Bg3 h5 11. h4 g4 12. Ng1 Bd6 13. Ne2 Nge7 14. O-O Bg6 15. Nf4
Bf7 16. Rae1 O-O 17. Nd3 Bxg3 18. fxg3 Nf5 19. Rf4 Nxg3 20. Rxf6 Qe7 21. Rf2
Qxh4 0-1

[Event "4NCL Online Division 3"]
[Site "online"]
[Date "2020.09.08"]
[Round "2.112"]
[White "Foran, Barry"]
[Black "Burke, Steven J"]
[Result "0-1"]
[WhiteElo "1605"]
[BlackElo "1922"]
[PlyCount "90"]
[EventDate "2020.09.08"]
[WhiteTeam "Cork"]
[BlackTeam "Ashfield Anonymous B"]

1. d4 d6 2. e4 Nf6 3. Nc3 Nbd7 4. Be3 e5 5. dxe5 dxe5 6. Nf3 Bb4 7. Bd3 O-O 8.
O-O c6 9. Bg5 Qc7 10. Re1 Re8 11. Qd2 Kh8 12. a3 Be7 13. Bc4 Rf8 14. b4 Nb6 15.
Bb3 Bg4 16. Qe3 Ng8 17. Bxe7 Qxe7 18. Rad1 Rad8 19. h3 Bh5 20. g4 Bg6 21. h4 f6
22. g5 Bh5 23. Rd3 Bxf3 24. Qxf3 Rxd3 25. Qxd3 fxg5 26. hxg5 Qxg5+ 27. Qg3
Qxg3+ 28. fxg3 Rd8 29. Rf1 Nf6 30. Kg2 Nbd7 31. Kh3 g5 32. g4 Kg7 33. Rd1 Rh8
34. Be6 Nf8 35. Bf5 h5 36. gxh5 Rxh5+ 37. Kg3 Rh8 38. Rg1 Kf7 39. Kf3 Rg8 40.
b5 Ne6 41. bxc6 bxc6 42. Bxe6+ Kxe6 43. Ke3 g4 44. Ne2 Rh8 45. Rg3 Rh1 0-1

[Event "4NCL Online Division 3"]
[Site "online"]
[Date "2020.09.08"]
[Round "2.113"]
[White "Combie, Alex B"]
[Black "Bradley, Michael"]
[Result "1-0"]
[WhiteElo "1885"]
[BlackElo "1427"]
[PlyCount "89"]
[EventDate "2020.09.08"]
[WhiteTeam "Ashfield Anonymous B"]
[BlackTeam "Cork"]

1. d4 Nf6 2. Nf3 c5 3. e3 b6 4. c4 Bb7 5. Nc3 e6 6. Bd3 d6 7. O-O Be7 8. Qe2
Nbd7 9. Rd1 a6 10. b3 Qc7 11. Bb2 Rc8 12. Rac1 Qb8 13. d5 e5 14. e4 Nf8 15. Ne1
Ng6 16. g3 O-O 17. Ng2 Rce8 18. Rf1 Bc8 19. Rce1 Bh3 20. f4 Ng4 21. f5 Nh8 22.
Bc1 Qd8 23. Nd1 g6 24. Nf2 Nxf2 25. Rxf2 Bg5 26. Bxg5 Qxg5 27. Qe3 Qxe3 28.
Nxe3 gxf5 29. Nxf5 Bxf5 30. Rxf5 Ng6 31. Rf6 Rd8 32. Ref1 Rd7 33. Be2 Rfd8 34.
Bh5 Rb7 35. Bxg6 hxg6 36. h4 Kg7 37. Kg2 b5 38. Kh3 bxc4 39. bxc4 Rb4 40. Rxf7+
Kg8 41. Kg4 Rxc4 42. Kg5 Rxe4 43. Kh6 Rg4 44. Rg7+ Kh8 45. Rff7 1-0

[Event "4NCL Online Division 3"]
[Site "online"]
[Date "2020.09.08"]
[Round "2.114"]
[White "Hamilton, Stewart"]
[Black "Sudar, Dragoljub"]
[Result "0-1"]
[WhiteElo "1200"]
[BlackElo "1915"]
[PlyCount "52"]
[EventDate "2020.09.08"]
[WhiteTeam "Cork"]
[BlackTeam "Ashfield Anonymous B"]

1. d4 d5 2. h4 Nf6 3. Bf4 e6 4. e3 Bd6 5. Nh3 c6 6. Be2 O-O 7. h5 Bxf4 8. Nxf4
Nbd7 9. Nd2 e5 10. Nh3 exd4 11. exd4 Qb6 12. Nb3 Ne4 13. Qd3 Ndf6 14. h6 g6 15.
Nf4 Bf5 16. Qe3 Rae8 17. Nd3 Nc3 18. Ne5 Nxe2 19. Qxe2 Nd7 20. f4 f6 21. Rh5
fxe5 22. Rxf5 Rxf5 23. O-O-O Rxf4 24. Nc5 Nxc5 25. dxc5 Qxc5 26. g3 Rf2 0-1

[Event "4NCL Online Division 3"]
[Site "online"]
[Date "2020.09.08"]
[Round "2.121"]
[White "Chaplin, Peter E"]
[Black "Kumar, Soham"]
[Result "1-0"]
[WhiteElo "2020"]
[BlackElo "1862"]
[PlyCount "127"]
[EventDate "2020.09.08"]
[WhiteTeam "Clevedon"]
[BlackTeam "CSC 4"]

1. b3 e5 2. Bb2 Nc6 3. e3 d5 4. Bb5 Bd6 5. f4 Qe7 6. Nf3 f6 7. Nc3 Be6 8. O-O
Nh6 9. e4 dxe4 10. Nxe4 exf4 11. Re1 O-O 12. Nxf6+ Kh8 13. Nxh7 Kxh7 14. Rxe6
Qd8 15. Qe2 Bc5+ 16. d4 Nxd4 17. Qe4+ Nhf5 18. Nxd4 Bxd4+ 19. Bxd4 Qxd4+ 20.
Qxd4 Nxd4 21. Bd3+ Kg8 22. Re7 Rac8 23. Rae1 f3 24. R1e4 Nf5 25. Rd7 fxg2 26.
Rg4 Rce8 27. Bxf5 Rxf5 28. Rgxg7+ Kh8 29. Rh7+ Kg8 30. Rdg7+ Kf8 31. Rxc7 Kg8
32. Rcg7+ Kf8 33. Rxb7 Re1+ 34. Kxg2 Re2+ 35. Kg3 Kg8 36. Rhe7 Rxc2 37. Re8+
Rf8 38. Rxf8+ Kxf8 39. Rxa7 Rc3+ 40. Kg4 Rc2 41. h4 Rg2+ 42. Kf3 Rh2 43. Ke3
Rxh4 44. Kd3 Ke8 45. Rc7 Kd8 46. Rc4 Rh3+ 47. Kd4 Rh5 48. a4 Ra5 49. Kc3 Ra8
50. Rc5 Kd7 51. a5 Kd6 52. b4 Rh8 53. Kb3 Rb8 54. Ka4 Kd7 55. Rc1 Kd6 56. a6
Rh8 57. Ka5 Rh5+ 58. b5 Rh3 59. a7 Ra3+ 60. Kb6 Kd7 61. Kb7 Rb3 62. b6 Ra3 63.
a8=R Rxa8 64. Kxa8 1-0

[Event "4NCL Online Division 3"]
[Site "online"]
[Date "2020.09.08"]
[Round "2.122"]
[White "Khoury, Theo"]
[Black "Peters, David"]
[Result "1/2-1/2"]
[WhiteElo "1832"]
[BlackElo "1795"]
[PlyCount "58"]
[EventDate "2020.09.08"]
[WhiteTeam "CSC 4"]
[BlackTeam "Clevedon"]

1. e4 c5 2. c3 d5 3. exd5 Qxd5 4. d4 e6 5. Nf3 Nf6 6. Na3 a6 7. Nc4 Nbd7 8. Be2
b5 9. Ne3 Qc6 10. a4 Bb7 11. O-O Be7 12. dxc5 bxa4 13. Rxa4 Qxc5 14. Qb3 Qa7
15. Ra1 O-O 16. Bd2 Nc5 17. Qa2 Rfd8 18. Rfd1 Nce4 19. Be1 Rxd1 20. Rxd1 Bc5
21. Nd4 Nd5 22. Bf3 Nxf2 23. Bxf2 Nxe3 24. Bxe3 Bxf3 25. gxf3 e5 26. Qc4 exd4
27. Bxd4 Bxd4+ 28. Qxd4 Kf8 29. Qxa7 Rxa7 1/2-1/2

[Event "4NCL Online Division 3"]
[Site "online"]
[Date "2020.09.08"]
[Round "2.123"]
[White "Iles, Stuart P"]
[Black "Mason, Ian"]
[Result "0-1"]
[WhiteElo "1802"]
[BlackElo "1772"]
[PlyCount "88"]
[EventDate "2020.09.08"]
[WhiteTeam "Clevedon"]
[BlackTeam "CSC 4"]

1. b4 d5 2. Bb2 Nf6 3. e3 Bf5 4. Nf3 e6 5. a3 Nbd7 6. Be2 Bd6 7. d3 O-O 8. Nbd2
a5 9. b5 h6 10. c4 Qe7 11. d4 c5 12. a4 cxd4 13. Nxd4 Bg6 14. O-O Rfd8 15. Rc1
e5 16. N4f3 Nc5 17. cxd5 Nd3 18. Bxd3 Bxd3 19. Re1 Nxd5 20. Nc4 Bxc4 21. Rxc4
Bb4 22. Qb1 Bxe1 23. Qxe1 Nb6 24. Re4 f6 25. Qb1 Rac8 26. h3 Qd6 27. Qa2+ Qd5
28. Qxd5+ Rxd5 29. Nh4 Rc4 30. Rxc4 Nxc4 31. Bc3 Rd3 32. Be1 Rd1 33. Kf1 Ra1
34. Nf5 Rxa4 35. Ne7+ Kf7 36. Nd5 Ra1 37. Ke2 a4 38. Bc3 Rc1 39. Kd3 Nd6 40. b6
a3 41. Nb4 Nb5 42. Bd2 Rf1 43. Ke2 Rb1 44. Kd3 Rxb4 0-1